000 00263nam a2200109Ia 4500
008 190216s9999||||xx |||||||||||||| ||und||
100 _aYadhunath Dash Mahapabha
245 0 _aHindi-Surya Chaya
260 _bSahithya Sahkar
650 _aHindi
942 _cBK
999 _c16245
_d16245